000 01079nam a2200289Ia 4500
003 OSt
005 20201005131432.0
008 191128s1998 sp ab gr 000 0 spa d
020 _a8440680155
040 _aCO-JMCR
_cCO-JMCR
041 1 _aspa
_heng
082 0 4 _a972.018 /
_bS814p
_223
100 1 _aSteele, Philip,
_eautor
_911194
245 1 3 _aEl periódico azteca /
_cPhilip Steel ; asesores Penny Bateman y Norma Rosso ; [traducción de Laura Paredes]
260 _aBarcelona ; Bogotá :
_bEdiciones B,
_c1998
300 _a32 páginas :
_bilustraciones y mapas a color ;
_c34 cm.
500 _a"El diario más importante de la civilización"--tapa
500 _aTítulo original: The aztec news.
505 0 _aNoticias locales -- Vida cotidiana
546 _aTraducido del inglés
650 1 4 _aAztecas
_xlibros infantiles y juveniles
_911195
650 1 4 _aAztecas
_xvida social y costumbres
_911196
700 1 _aBateman, Penny,
_easesor
_911197
700 1 _aRosso, Norma,
_easesora
_911198
700 1 _aParedes, Laura,
_etraductora
_97380
942 _2ddc
_cBK
999 _c4574
_d4574